000 00468nam a22001817a 4500
003 CEME
005 20210628205813.0
008 210317b xxu||||| |||| 00| 0 eng d
020 _a0-19-577697-6
040 _c.
082 _a923.25491 RAF
100 _aRafi Raza
_953686
245 _aZulfiqar ali bhutto and pakistan 1967-1977
260 _aNEWYORK
_bOXFORD UNIVERSITY PRESS
_c1997
300 _a403P
650 _aPAKISTAN:1967-1977
_977079
942 _cBK
_2ddc
999 _c582405
_d582405